Nóri vravia Európskej únii: nie!

Otázka členstva Nórska v Európskom spoločenstve a v Európskej únii. Prvé ľudové referendum a výsledok referenda zo septembra 1972. Nórsko a dohody s ES o voľnom obchode s priemyselnými produktmi. Kľúčová otázka rybolovu (Nórsko a Island). Žiadosť o členstvo v Európskej únii. Priebeh kampane o vstupe...

Ausführliche Beschreibung

Gespeichert in:
Bibliographische Detailangaben
1. Verfasser: Částek, Michal
Format: Buchkapitel
Sprache:Slowakisch
Schlagworte:
Tags: Tag hinzufügen
Keine Tags, Fügen Sie das erste Tag hinzu!

MARC

LEADER 00000naa$a2200000$$$4500
001 0005685
005 20230926070335.2
041 0 |a slo 
044 |a SK 
245 1 0 |a Nóri vravia Európskej únii: nie!  |c aut. Michal Částek 
520 |a Otázka členstva Nórska v Európskom spoločenstve a v Európskej únii. Prvé ľudové referendum a výsledok referenda zo septembra 1972. Nórsko a dohody s ES o voľnom obchode s priemyselnými produktmi. Kľúčová otázka rybolovu (Nórsko a Island). Žiadosť o členstvo v Európskej únii. Priebeh kampane o vstupe do EÚ. Dohoda o Európskom hospodárskom priestore. Nórska politika a jej pragmatický postoj vo vzťahu k EÚ. 
610 2 0 |a integrácia ekonomická medzinárodná 
610 2 0 |a spolupráca hospodárska medzinárodná 
610 2 0 |a referendum 
610 2 0 |a Nórsko 
610 2 0 |a Európska únia 
610 2 0 |a Európske spoločenstvá 
100 1 |a Částek, Michal